Gaming Quiz

Random Gaming or Nintendo Quiz

Sonic's or Mario's Enemy? Quiz Stats

 Plays Quiz Updated Aug 6, 2017

Score 0/30 Timer 04:00
2 Plays Today
% Correct
Mario
90.3%
Mario
89.6%
Mario
89.4%
Mario
86.8%
Mario
85.6%
Mario
83.9%
Sonic
82.4%
Sonic
81.8%
Sonic
80.1%
Sonic
79.9%
Sonic
79.7%
Sonic
78.9%
Mario
75.4%
Sonic
74.6%
Mario
73.8%
% Correct
Sonic
73.5%
Sonic
73.3%
Mario
71.6%
Sonic
71.5%
Sonic
71.5%
Sonic
68.6%
Mario
64.8%
Mario
62.6%
Sonic
62%
Mario
61.4%
Sonic
58.1%
Sonic
55.6%
Mario
55.5%
Mario
52.8%
Mario
43.5%

You're not logged in!

Compare scores with friends on all Sporcle quizzes.
OR
Log In

Show Comments

Extras

Top Quizzes Today


Score Distribution

Your Account Isn't Verified!

In order to create a playlist on Sporcle, you need to verify the email address you used during registration. Go to your Sporcle Settings to finish the process.

Report this User

Report this user for behavior that violates our Community Guidelines.

Details: